| 000 | 01617nam a2200493 i 4500 | ||
|---|---|---|---|
| 001 | 3810 | ||
| 003 | KOSZ 005 | ||
| 005 | 20220309135911.0 | ||
| 008 | 990929s1999 pl a f f |000 0 pol | ||
| 015 | _aUWD 1999/14549 | ||
| 020 | _a8386272961 | ||
| 035 | _a991011477299705066 | ||
| 035 | _a(PL-WaBN)b13122216-48omnis_nlop | ||
| 035 | _ab13122216 | ||
| 035 | _a(OCoLC)749565862 | ||
| 035 | _azz2004961400 | ||
| 035 | _a(PL)b0000001312221 | ||
| 035 | _a(EXLNZ-48OMNIS_NETWORK)9910047340605606 | ||
| 040 |
_aWA N _cWA N _dKOSZ 005/HR |
||
| 041 | 0 | _apol | |
| 046 | _k1999 | ||
| 080 | _a624.014 | ||
| 080 | _a(075.8) | ||
| 100 | 1 |
_aNazarko, Wanda _eAutor |
|
| 245 | 1 | 0 |
_aKonstrukcje metalowe : _bprzewodnik do ćwiczeń laboratoryjnych / _cWanda Nazarko ; Politechnika Białostocka. |
| 260 |
_aBiałystok : _bPB, _c1999. |
||
| 300 |
_a294 s. : _b1 fot. kolor., rys., wykr. ; _c23 cm. |
||
| 336 |
_aTekst _btxt _2rdacontent |
||
| 337 |
_aBez urządzenia pośredniczącego _bn _2rdamedia |
||
| 338 |
_aWolumin _bnc _2rdacarrier |
||
| 380 | _aKsiążki | ||
| 380 | _aPublikacje dydaktyczne | ||
| 385 |
_mPoziom nauczania _aSzkoły wyższe |
||
| 388 | _a1901-2000 | ||
| 388 | _a1989-2000 | ||
| 504 | _aBibliogr. przy rozdz. | ||
| 650 | 7 |
_aKonstrukcje metalowe _2DBN |
|
| 655 | 7 |
_aPodręczniki akademickie _2DBN |
|
| 658 | _aArchitektura i budownictwo | ||
| 710 | 2 | _aPolitechnika Białostocka | |
| 856 |
_uhttp://koha.tu.koszalin.pl/cgi-bin/koha/opac-detail.pl?biblionumber=38010 _yKatalog online BPK |
||
| 942 |
_2UKD _cKS |
||
| 999 |
_c38010 _d38010 |
||